International Business (Record no. 11786)
[ view plain ]
| 000 -LEADER | |
|---|---|
| fixed length control field | 00396nam a22001697a 4500 |
| 003 - CONTROL NUMBER IDENTIFIER | |
| control field | OSt |
| 008 - FIXED-LENGTH DATA ELEMENTS--GENERAL INFORMATION | |
| fixed length control field | 230130b ||||| |||| 00| 0 eng d |
| 020 ## - INTERNATIONAL STANDARD BOOK NUMBER | |
| International Standard Book Number | 9789352861781 |
| 100 ## - MAIN ENTRY--PERSONAL NAME | |
| Personal name | GRIFFIN,Ricky W |
| 245 ## - TITLE STATEMENT | |
| Title | International Business |
| 250 ## - EDITION STATEMENT | |
| Edition statement | 8th ed |
| 260 ## - PUBLICATION, DISTRIBUTION, ETC. (IMPRINT) | |
| Place of publication, distribution, etc | UP |
| Name of publisher, distributor, etc | Pearson |
| Date of publication, distribution, etc | 2022 |
| 300 ## - PHYSICAL DESCRIPTION | |
| Extent | 624 |
| 650 ## - SUBJECT ADDED ENTRY--TOPICAL TERM | |
| Topical term or geographic name as entry element | International Business |
| 700 ## - ADDED ENTRY--PERSONAL NAME | |
| Personal name | PUSTAY,Mike W |
| 942 ## - ADDED ENTRY ELEMENTS (KOHA) | |
| Source of classification or shelving scheme | Dewey Decimal Classification |
| Koha item type | Reference Books |
| Withdrawn status | Lost status | Source of classification or shelving scheme | Damaged status | Not for loan | Collection code | Home library | Current library | Date acquired | Source of acquisition | Currency | Cost, normal purchase price | Bill Number | Total Checkouts | Full call number | Acc. no. / Barcode | Checked out | Date last seen | Date last borrowed | Actual Cost, discounted price | Bill Date | Koha item type |
|---|---|---|---|---|---|---|---|---|---|---|---|---|---|---|---|---|---|---|---|---|---|
| Dewey Decimal Classification | MBA | PIET C-LIBRARY | PIET C-LIBRARY | 28/12/2022 | International Book Centre | IN Rupees | 720.00 | IB/IN/927 | 2 | 658.18 GRI | 34454 | 11/07/2024 | 13/01/2024 | 13/01/2024 | 496.80 | 28/12/2022 | Text Books | ||||
| Dewey Decimal Classification | MBA | PIET C-LIBRARY | PIET C-LIBRARY | 15/03/2023 | International Book Centre | In Rupees | 795.00 | IB/IN/1299 | 658.18 GRI | 34762 | 28/03/2023 | 556.50 | 15/03/2023 | Text Books |